| 000 | 01283nam0a2200349 4500 | ||
|---|---|---|---|
| 001 | RU\NLR\BIBL_A\012196119 | ||
| 005 | 20200317103510.0 | ||
| 010 |
_a978-5-389-17329-3 _94000 |
||
| 021 |
_aRU _bКН-П-19-097509 _9КН-П-19-7161 |
||
| 035 | _a(NLR Aleph) 012196119 | ||
| 035 | _a(RuMoRGB)010204105 | ||
| 090 |
_a10821000 _c10821000 |
||
| 100 | _a20200203d2019 u y0rusy50 ca | ||
| 101 | 1 |
_arus _ceng |
|
| 102 | _aRU | ||
| 105 | _ay|||z|||000ay | ||
| 181 | 0 |
_ai _baxxe |
|
| 182 | 0 | _an | |
| 200 | 1 |
_aПятеро, что ждут тебя на небесах _eроман _fМитч Элбом _g[перевод с английского Евгении Золот-Гасско] |
|
| 203 |
_aТекст _bвизуальный _cнепосредственный |
||
| 210 |
_aСанкт-Петербург _cАзбука _cАзбука-Аттикус _d2019 |
||
| 215 |
_a315, [2] с. _d17 |
||
| 225 | 1 | _aАзбука-бестселлер | |
| 333 | _a16+ | ||
| 686 | 1 | _aШ6(7США)67-440.4{Лх1979-50} | |
| 700 | 1 |
_aЭлбом _bМ. _f1958- _gМитч _3RU\NLR\AUTH\770216723 |
|
| 942 | _cBOOK | ||
| 980 | _aNBR | ||
| 980 | _aNB | ||